000 00721nam a2200241 i 4500
001 C2-0328506
003 PPAK
005 20180728125829.0
008 140818s1972 su |||| ||||| | ara d
040 _aPPAK
_beng
_cPPAK
_erda
082 0 4 _a297.352
_223
090 0 0 _a297.352
_bJAM
_dKMN
100 0 _aJamaluddin b. Mohd Nordin,
_eauthor
245 1 0 _aAl-Jami'u Al-Latip
264 1 _aMakkah :
_bDarul Fakir ,
_c1972
300 _a412 pages ;
_c20 cm
336 _2rdacontent
_atext
337 _2rdamedia
_aunmediated
338 _2rdacarrier
_avolume
500 _aTeks dalam Bahasa Arab
650 1 0 _aMecca (Saudi Arabia) - History. ; Muslim pilgrims and pilgrimages - Saudi Arabia - Mecca.
942 _ddc
_cB
999 _c127887
_d127887